000 00572nam a2200205Ia 4500
003 OSt
005 20250510112137.0
008 210210b1970 xxu||||| |||| 00| 0 eng d
040 _cAL
041 _aKannada
082 _aK894.301 LAKH
100 _aLAKKAPPAGAUDA (H J)
_971260
_dಲಕ್ಕಪ್ಪಗೌಡ (ಹೆಚ್ ಜೆ)
245 _aHonnaru
_bಹೊನ್ನಾರು
260 _aMangaluru
_bPalachamvi Prakashana
_c1970
300 _a122
650 _aSanna kategalu
_971261
690 _aKannada Fiction
_971262
906 _a032870
942 _2ddc
_cBK
999 _c83908
_d83908